Estudio de impacto ambiental de la rehabilitación de 14 kilómetros de la estación 210+ 000 a la estación 224+000 del camino intermunicipal, empalme de Achuapa a la aceituna (León)
Presenta un estudio de impacto ambiental de la rehabilitación de 14 kilómetros de la estación 210+ 000 a la estación 224+000 del camino intermunicipal, empalme de Achuapa a la aceituna (León). Se abordaron de manera específica las leyes, normas, reglamento y decretos ambientales vigentes respe...
| Main Author: | |
|---|---|
| Other Authors: | |
| Format: | Tesis Section = Libro |
| Language: | Undetermined Spanish |
| Published: |
Managua
UNI
2012
|
| Subjects: |
| LEADER | 01228nam a2200241Ia 4500 | ||
|---|---|---|---|
| 008 | 240830s9999 xx 000 0 und d | ||
| 040 | |a BIBLIOTECA-RUPAP T.Mon 625.76 O83 | ||
| 041 | |a spa | ||
| 082 | |a T.Mon 625.76 O83 | ||
| 100 | 1 | |a Osorio Traña, Osber Alexander | |
| 245 | 1 | 0 | |a Estudio de impacto ambiental de la rehabilitación de 14 kilómetros de la estación 210+ 000 a la estación 224+000 del camino intermunicipal, empalme de Achuapa a la aceituna (León) |
| 260 | |a Managua |b UNI |c 2012 | ||
| 300 | |a 97 p. :il. | ||
| 500 | |a Contiene: anexos. | ||
| 502 | |a Tesis (Ingeniero Civil)- UNI, 2012. | ||
| 520 | 3 | |a Presenta un estudio de impacto ambiental de la rehabilitación de 14 kilómetros de la estación 210+ 000 a la estación 224+000 del camino intermunicipal, empalme de Achuapa a la aceituna (León). Se abordaron de manera específica las leyes, normas, reglamento y decretos ambientales vigentes respecto a la protección de los recursos naturales en nuestro país. | |
| 650 | 7 | |a CAMINOS-MANTENIMIENTO Y REPARACION | |
| 650 | 7 | |b OBRAS VIALES-NORMAS Y REGLAMENTO | |
| 650 | 7 | |c IMPACTO AMBIENTAL | |
| 700 | 1 | |a Tutor: |b Ocampo Elvir, Gustavo Adolfo | |
| 942 | |c BK |2 ddc | ||
| 991 | |a TESIS | ||
| 999 | |c 18179 | ||